[Event "3. Open Bohumin 2020"]
[Site "Bohumin"]
[Date "2020.07.19"]
[Round "2.3"]
[White "Neumann, Filip"]
[Black "Niedbala, Bartlomiej"]
[Result "1/2-1/2"]
[WhiteElo "2042"]
[BlackElo "2379"]
[Annotator "TA"]
[PlyCount "66"]
[EventDate "2020.07.18"]
[EventType "swiss"]
[EventCountry "CZE"]
[SourceTitle "playchess.com"]
[Source "ChessBase"]
[SourceQuality "1"]

{[%evp 9,66,-10,-11,-10,-10,-12,-10,-9,-12,-27,-27,-53,6,-39,-6,-10,2,-26,-20,-39,0,-31,-12,-54,-47,-49,-57,-74,-50,-40,-46,-45,-33,-37,-18,-79,-31,-23,-27,-101,-32,-185,0,0,0,0,0,0,0,0,0,0,0,0,0,0,0,0,0]} 1. d4 Nf6 2. Nc3 d5 3. Bf4 a6 4. e3 Bf5 5. f3 c5 6. g4 {[#] D00: 1 d4 d5: Unusual lines.} cxd4 $146 ({Predecessor:} 6... Bg6 7. h4 h6 8. Bd3 Bxd3 9. Qxd3 Nc6 10. Nge2 e6 11. Kf2 Bd6 12. Rad1 cxd4 13. exd4 Bxf4 14. Nxf4 {½-½ (43) Troberg Eskola,L (2134)-Rydstrom,T (2314) Gothenburg 2019}) 7. exd4 Bd7 8. Bd3 e6 9. Nce2 Qb6 10. c3 Bb5 (10... Qxb2 $15 11. Rb1 Qxa2) 11. Nh3 Nc6 {[%cal Bb8c6,Bc6a5,Ba5c4][%mdl 32]} 12. Nf2 Nd7 13. a4 (13. h4 {is interesting.} h5 14. Qd2 Be7 15. Bg5 Nf6 16. O-O-O) 13... Bxd3 14. Nxd3 Be7 15. Bg3 Na5 16. b4 Nc4 17. a5 Qc6 18. Qa4 h5 19. Qxc6 bxc6 20. gxh5 Rxh5 21. Kf2 O-O-O 22. Nc5 (22. Nec1 $11 {keeps the balance.}) 22... Nxc5 (22... Bxc5 $5 23. bxc5 e5 $17) 23. bxc5 e5 24. Nc1 (24. Rab1 $11) 24... Bg5 (24... Bh4 $17 {aiming for ...Bxg3+.} 25. Ne2 Rdh8) 25. Bxe5 $2 {[#]} (25. dxe5 $15 Bd2 26. Ne2) 25... Bxc1 $2 (25... Nxe5 $19 26. dxe5 Bh4+ {[%mdl 64] Discovered Attack} 27. Kg2 Rg5+ 28. Kf1 Rxe5) 26. Raxc1 $11 {The position is equal.} Nxe5 27. dxe5 $15 {[%mdl 4096] Endgame KRR-KRR} Rdh8 28. Rb1 Rxh2+ 29. Rxh2 Rxh2+ 30. Ke3 Rc2 31. Kd3 Rf2 32. Ke3 Rc2 33. Kd3 Rf2 {Accuracy: White = 55%, Black = 73%.} 1/2-1/2

[Event "3. Open Bohumin 2020"]
[Site "Bohumin"]
[Date "2020.07.19"]
[Round "2.4"]
[White "Goluch, Piotr"]
[Black "Pekarek, Ales"]
[Result "1-0"]
[WhiteElo "2376"]
[BlackElo "2279"]
[Annotator "TA"]
[PlyCount "61"]
[EventDate "2020.07.18"]
[EventType "swiss"]
[EventCountry "CZE"]
[SourceTitle "playchess.com"]
[Source "ChessBase"]
[SourceQuality "1"]

{[%evp 9,61,-17,1,14,13,7,36,0,10,-28,-11,-35,-11,-23,20,10,95,78,170,172,210,206,208,203,229,219,263,282,269,270,351,259,335,322,342,306,432,425,441,379,369,376,366,231,600,605,656,653,758,757,1186,1170,1051,890]} 1. Nf3 g6 2. e4 Bg7 3. h4 d6 4. h5 Bg4 {[#]} 5. Bc4 $146 ({Predecessor:} 5. hxg6 fxg6 6. Be2 e5 7. d3 h6 8. Be3 Nc6 9. Nc3 Qd7 10. Qd2 a6 11. Nd5 {0-1 (58) Kunnas,E-Ronkko,S Uusikaupunki 1990}) 5... gxh5 6. d4 {B06: Modern Defence.} Nc6 7. c3 e6 8. Bb5 {[%mdl 1024] White has compensation.White is slightly better.} a6 9. Ba4 Nge7 10. Bg5 b5 {[#] Strongly threatening ...f6.} 11. Bc2 Qd7 12. Qd3 Ng6 (12... f6 $11 13. Bh4 Ng6) 13. Nh2 $16 {And now f3 would win. Black is now going downhill.} e5 (13... f5 $16) 14. d5 $18 Nce7 15. f3 f6 {[#] ...Bh3 is the strong threat.} 16. Be3 Nf4 17. Qd2 Neg6 18. fxg4 hxg4 19. a4 {[%cal Ba2a4,Ba4b5,Bb5a6][%mdl 32] Hoping for g3.} h5 20. axb5 Kf7 21. g3 ({But not} 21. Rxa6 $6 Qxb5 22. Rxa8 Rxa8 $18) 21... Bh6 22. bxa6 Ng2+ (22... Qb5 $142 23. Kd1 Rxa6) 23. Qxg2 Bxe3 24. Qe2 Bb6 25. Ba4 Qc8 {Black hopes to continue with ...h4.} 26. Bc6 Ra7 $2 (26... h4) 27. Nd2 {White is clearly winning.} Ne7 28. Nc4 Nxc6 29. dxc6 Qe6 30. Nxb6 cxb6 31. Qb5 {Accuracy: White = 76%, Black = 33%.} 1-0

[Event "3. Open Bohumin 2020"]
[Site "Bohumin"]
[Date "2020.07.19"]
[Round "2.5"]
[White "Horvath, Tomas"]
[Black "Molenda, Marcin"]
[Result "0-1"]
[WhiteElo "2027"]
[BlackElo "2363"]
[Annotator "TA"]
[PlyCount "92"]
[EventDate "2020.07.18"]
[EventType "swiss"]
[EventCountry "CZE"]
[SourceTitle "playchess.com"]
[Source "ChessBase"]
[SourceQuality "1"]

{[%evp 22,92,38,35,42,21,31,32,36,37,45,0,0,0,0,-21,26,6,9,5,26,19,27,26,26,25,45,37,51,0,0,0,0,0,35,35,35,28,40,33,35,35,35,35,56,10,46,0,98,100,97,-7,-7,-7,-7,-7,-7,-7,-7,-388,-385,-456,-392,-704,-666,-689,-666,-714,-433,-1038,-966,-12838,-2740]} 1. c4 Nf6 2. Nc3 g6 3. e4 d6 4. d4 Bg7 5. Nf3 O-O 6. Be2 e5 7. dxe5 dxe5 8. Qxd8 Rxd8 9. Bg5 Re8 10. O-O-O Bg4 11. h3 Bxf3 12. Bxf3 c6 {E92: King's Indian: Classical: 6 Be2 e5: 7 dxe5, 7 Be3 and Petrosian System without 7...Nbd7.} 13. Rd6 Nfd7 14. Rhd1 Nc5 {[#] White is slightly better.} 15. Rd8 $146 ({Predecessor:} 15. b4 Ne6 16. Be3 Bf8 17. c5 Bxd6 18. cxd6 Nd7 19. Kb2 Nf6 20. Na4 b6 21. Kb3 {0-1 (46) Masset,J (1923)-Bizet,G ICCF email 2012}) 15... Nba6 16. Rxa8 (16. Rxe8+ {seems wilder.} Rxe8 17. Be3 Bf6 18. Kc2 Ra8 19. a3) 16... Rxa8 17. Be3 Ne6 18. Ne2 Kf8 19. a3 {[%cal Ba2a3,Ba3b4,Bb4b5][%mdl 32]} Nac5 20. Kc2 a5 21. b4 axb4 22. axb4 Na6 23. Kb3 c5 24. b5 Nac7 25. Rd6 (25. b6 $1 $14 Na6 26. Rd7 Nd4+ 27. Kc3) 25... Ke7 $11 26. Rb6 Rb8 27. Bg4 Na8 (27... Kd7 {is interesting.} 28. Nc3 Bf8 29. Nd5 Bd6 30. Nf6+ Ke7) 28. Rxe6+ $1 fxe6 29. Bxc5+ Kd7 30. Nc3 {[%mdl 1024] White has compensation.} b6 31. Be3 h5 32. Be2 Kc7 33. g4 Rh8 34. Na4 Bh6 {[#]} (34... hxg4 $11 35. Bxg4 Bh6) 35. g5 $1 $16 {[%cal Rg5h6]} ({Much weaker is} 35. gxh5 Bxe3 36. fxe3 Kd6 $11) 35... Bf8 36. c5 ({White should try} 36. Bd2 $16) 36... Bxc5 $11 37. Nxc5 bxc5 38. Bxc5 {[%mdl 4096] Endgame KRN-KB} Nb6 39. Be7 Ra8 {Strongly threatening ...Ra1.} 40. Bf6 $2 {[%mdl 8192] [#] This costs White the game.} (40. Ba3 $11 {and White has nothing to worry.}) 40... Kd6 $1 $19 41. Kc3 Nd7 42. Bg7 $2 (42. Kd2 Nxf6 43. gxf6) 42... Ra3+ {Black is clearly winning.} 43. Kd2 Rxh3 44. f3 Rg3 {aiming for ...h4.} 45. Bh6 (45. Ke1 $142 Rg2 46. Kf1) 45... h4 {And now ...h3 would win.} 46. Ke3 h3 {Accuracy: White = 50%, Black = 77%.} 0-1

[Event "3. Open Bohumin 2020"]
[Site "Bohumin"]
[Date "2020.07.19"]
[Round "2.6"]
[White "Kolar, Stanislav"]
[Black "Fargac, Martin"]
[Result "1/2-1/2"]
[WhiteElo "2057"]
[BlackElo "2306"]
[Annotator "TA"]
[PlyCount "94"]
[EventDate "2020.07.18"]
[EventType "swiss"]
[EventCountry "CZE"]
[SourceTitle "playchess.com"]
[Source "ChessBase"]
[SourceQuality "1"]

{[%evp 10,94,0,-1,0,0,0,0,0,-1,0,-14,13,9,27,8,14,8,27,1,0,0,25,0,79,79,108,79,100,100,100,97,101,65,71,-8,-14,-14,8,0,0,0,0,0,0,0,0,0,0,0,-7,-16,0,0,0,-22,-22,-20,0,-2,-5,-12,0,-39,-37,-40,0,0,0,0,0,0,0,0,437,0,0,0,0,0,0,0,0,0,0,0,0]} 1. Nf3 Nf6 2. g3 d5 3. Bg2 c6 4. O-O Bg4 5. Ne5 Bh5 6. d4 Nbd7 {is the legacy move (6...e6). D02: 1 d4 d5 2 Nf3 sidelines, including 2...Nf6 3 g3 and 2...Nf6 3 Bf4.} 7. Nxd7 (7. Nd3 {keeps more tension.} e6 8. Nf4 Bg4 9. f3 Bf5 10. g4) 7... Qxd7 8. Nd2 e6 9. Nf3 Bd6 {[#]} 10. b3 $146 ({Predecessor:} 10. Be3 O-O 11. h3 Bxf3 12. exf3 Qe7 13. Bg5 c5 14. c4 dxc4 15. dxc5 Bxc5 16. Qa4 {0-1 (37) Borisova,B (2148)-Lomineishvili,M (2429) Izmir 2004}) 10... Bxf3 11. Bxf3 Ne4 12. Qd3 f5 13. Bg2 O-O 14. f3 Nf6 15. Bb2 Bc7 16. e4 Bb6 (16... dxe4 $11 17. fxe4 fxe4 18. Bxe4 Bb6) 17. e5 $16 Ne8 18. a4 a6 19. Ba3 Rf7 20. f4 Bd8 21. b4 Nc7 22. c4 ({Better is} 22. Bf3 $16) 22... dxc4 $11 23. Qxc4 Nd5 24. Qb3 g5 25. b5 gxf4 {[%cal Ra6b5]} 26. bxc6 bxc6 27. Bxd5 Qxd5 28. Qxd5 cxd5 29. gxf4 Bb6 30. Rfd1 Rc8 31. Rab1 Ba7 32. Rd3 Rg7+ 33. Kh1 Rc4 34. Bc5 Bxc5 35. dxc5 {[%mdl 4096] Endgame KRR-KRR} Rg4 36. Rg3 (36. h3 {is more complex.} Rg6 37. Rb7 Rxc5 38. Ra7 a5 39. Rb3) 36... Rxc5 37. Rb6 Ra5 38. Rxe6 Rxa4 39. Rxg4+ fxg4 {KR-KR} 40. f5 d4 41. Rd6 {[#] aiming for f6.} Ra1+ 42. Kg2 {Threatens to win with f6.} Re1 {The position is equal.} 43. e6 Kg7 44. Rxd4 {Rd7+ is the strong threat.} Kf6 45. Rd5 h5 46. Kf2 Re4 47. Ra5 h4 {Accuracy: White = 82%, Black = 88%.} 1/2-1/2

[Event "3. Open Bohumin 2020"]
[Site "Bohumin"]
[Date "2020.07.19"]
[Round "2.7"]
[White "Mrazek, Lumir"]
[Black "Posluszny, Tomasz"]
[Result "1-0"]
[WhiteElo "2333"]
[BlackElo "1977"]
[Annotator "TA"]
[PlyCount "51"]
[EventDate "2020.07.18"]
[EventType "swiss"]
[EventCountry "CZE"]
[SourceTitle "playchess.com"]
[Source "ChessBase"]
[SourceQuality "1"]

{[%evp 9,51,-27,-8,-4,0,0,0,-9,-14,-22,0,-17,7,-52,-45,-45,-15,-56,-20,-27,0,0,0,-18,-17,0,-8,-27,0,0,0,-137,0,0,216,214,471,475,462,460,29988,29989,29989,29990]} 1. e4 c5 2. Nc3 e6 3. f4 d5 4. Bb5+ Bd7 5. Qe2 dxe4 (5... d4 $5 {[%cal Rd4c3]} 6. Nd1 Bxb5 7. Qxb5+ Nc6 $15) 6. Nxe4 {B23: Closed Sicilian: Lines without g3.} Bxb5 7. Qxb5+ {[%mdl 64] Double Attack} Qd7 8. Qe2 {The position is equal.} Nc6 9. Nf3 Nh6 10. O-O {[#]} Nf5 $146 ({Predecessor:} 10... Be7 11. d3 Nf5 12. Qf2 b6 13. Bd2 O-O 14. Bc3 Nfd4 15. Ne5 Qc7 16. Rae1 Rad8 17. Qg3 Nf5 {1-0 (37) Bachin,V (2500)-Melnikova,Y (2302) St Petersburg 2005}) 11. Ne5 ({Better is} 11. c3 $11) 11... Nxe5 12. fxe5 h5 13. a4 Rc8 14. Ra3 c4 15. Rc3 Qd4+ 16. Kh1 Bb4 17. Rxf5 {[%mdl 64] Remove Defender} exf5 18. Nd6+ $1 Bxd6 (18... Kd7 $5 {[%cal Rb4d6]} 19. Nxc8 Rxc8 $11) 19. exd6+ Kf8 $1 {Threatens to win with ...Re8.} 20. Qe7+ {[%mdl 64] Double Attack} Kg8 {Hoping for ...Kh7.} 21. d7 Rf8 $2 {[#]} (21... Rb8 $11) 22. Rxc4 $1 $18 {[%mdl 512]} Qf2 $2 {[#]} (22... Qb6 {might work better.} 23. d3 (23. Rc8 Kh7 $11) 23... Kh7) (22... Qxc4 23. Qxf8+) 23. Qxf8+ $1 {[%mdl 512]} Kh7 {[%cal Rf2f1]} (23... Kxf8 24. d8=Q#) 24. Qxh8+ $1 Kg6 (24... Kxh8 $18 25. d8=Q+ Kh7) 25. h4 f4 {[#]} 26. Qe8 $1 {Accuracy: White = 81%, Black = 52%.} 1-0

[Event "3. Open Bohumin 2020"]
[Site "Bohumin"]
[Date "2020.07.19"]
[Round "2.8"]
[White "Grochol, Kamil"]
[Black "Michenka, Jozef"]
[Result "0-1"]
[WhiteElo "2023"]
[BlackElo "2299"]
[Annotator "TA"]
[PlyCount "62"]
[EventDate "2020.07.18"]
[EventType "swiss"]
[EventCountry "CZE"]
[SourceTitle "playchess.com"]
[Source "ChessBase"]
[SourceQuality "1"]

{[%evp 9,62,21,33,10,32,14,14,0,15,-61,67,58,64,43,37,31,58,58,66,21,65,65,70,76,61,43,48,33,45,38,48,42,28,36,43,41,52,55,55,37,40,43,49,30,118,-27,0,-13,0,0,0,-117,0,0,256]} 1. d4 Nf6 2. Bf4 g6 3. Nc3 c5 4. d5 d6 5. e4 Bg7 6. Qd2 {A45: Trompowsky Attack.} Qb6 7. Bb5+ Bd7 8. a4 a6 {[#]} 9. a5 $146 (9. Bxd7+ $1 $11 Nbxd7 10. Nge2) ({Predecessor:} 9. Bxd7+ Nbxd7 10. Nge2 O-O 11. O-O Rfe8 12. Kh1 e6 13. dxe6 Rxe6 14. f3 Ne5 15. b3 {½-½ (60) Touzane,O (2297)-Kilpatrick,C (2353) Daventry 2018}) 9... Qc7 (9... axb5 $15 10. axb6 Rxa1+ 11. Nd1 (11. Ke2 $2 b4 $19) 11... Nxe4) 10. Bd3 O-O 11. Bh6 Bxh6 12. Qxh6 b5 13. axb6 Qxb6 14. Ra2 Rc8 15. Nf3 c4 16. Be2 Bg4 17. h3 Bxf3 $1 18. gxf3 Nbd7 19. h4 Rcb8 20. Qe3 ({Of course not} 20. Bxc4 Qd4 $11) 20... Qc7 21. f4 Rb4 22. h5 Rab8 23. hxg6 fxg6 24. Rxa6 {[#] Black must now prevent e5!} Rxb2 25. Bd1 Qc5 26. Rc6 Qa5 (26... Qxe3+ $1 $11 27. fxe3 Ra8) 27. f3 (27. Kf1 $16) 27... Nc5 {aiming for ...Ra2.} 28. Kf1 Nh5 {[#]} 29. Rxh5 $1 {[%mdl 512]} gxh5 30. f5 (30. e5 $11 {keeps the balance.}) 30... Qd8 ({Black should play} 30... Nd7 $17 31. f4 Nf6) 31. e5 $11 R2b6 $2 {[%mdl 40960] Accuracy: White = 74%, Black = 56%. . Loss on time!?} (31... Qd7 $1 $11) 0-1

[Event "3. Open Bohumin 2020"]
[Site "Bohumin"]
[Date "2020.07.19"]
[Round "2.9"]
[White "Kersten, Julian"]
[Black "Dobrovolsky, Ladislav"]
[Result "0-1"]
[WhiteElo "2005"]
[BlackElo "2277"]
[Annotator "TA"]
[PlyCount "88"]
[EventDate "2020.07.18"]
[EventType "swiss"]
[EventCountry "CZE"]
[SourceTitle "playchess.com"]
[Source "ChessBase"]
[SourceQuality "1"]

{[%evp 11,88,25,35,35,39,-20,-24,-52,-54,-56,-44,-45,-53,-49,-59,-74,-84,-102,-99,-101,-107,-108,-114,-120,-98,-174,-128,-167,-151,-233,-222,-225,-231,-268,-272,-281,-277,-274,-262,-272,-274,-343,-227,-237,-245,-245,-226,-541,-358,-539,-562,-534,-437,-440,-428,-423,-435,-434,-398,-461,-423,-408,-281,-384,-289,-278,-280,-512,-506,-547,-485,-472,-441,-397,-306,-278,-306,-523,-501]} 1. e4 c5 2. Nf3 Nc6 3. d4 cxd4 4. Nxd4 Qc7 5. Nc3 Nf6 6. Be3 e6 7. Qf3 {B48: Sicilian: Taimanov: 5 Nc3 Qc7 6 Be3 a6 without Be2.} a6 8. Qg3 (8. O-O-O $14) 8... Qxg3 $1 $11 9. hxg3 {Black has an edge.} Ng4 $1 10. Nxc6 Nxe3 11. Nd4 Nxf1 12. Kxf1 b5 13. Re1 Bb7 14. e5 {[#]} d6 $146 ({Predecessor:} 14... Bc5 15. Nb3 Bb4 16. Re3 Rc8 17. Rh4 Bxc3 18. Rxc3 Rxc3 19. bxc3 Bd5 20. Nc5 Bxa2 21. Nxa6 {0-1 (37) Gurevich,D (2472)-Rahul,S (2295) Pardubice 2017}) 15. exd6 Bxd6 16. Ne4 Be7 17. c3 O-O 18. Nb3 (18. a3 $17 {was called for.}) 18... Rac8 19. Ned2 Rfd8 20. Nf3 (20. Rh5 $17) 20... b4 $19 21. cxb4 Bxb4 22. Rb1 Be4 23. Ra1 Rc2 24. Rh4 f5 25. Nfd4 Rxb2 26. Nxe6 Rc8 27. f3 Bd3+ 28. Kg1 Rcc2 29. Rd1 $2 (29. Kh1 {was the crucial defense.} Be7 30. Rh3) 29... Rxg2+ 30. Kh1 {intending Nf4.} Rgf2 {[#] Hoping for ...Be2!} 31. Kg1 Rxf3 32. Rxb4 {And now Rb8+ would win.} Rxg3+ 33. Kh1 Be4+ 34. Rxe4 fxe4 35. Nbc5 Rgg2 36. Nxe4 Rge2 37. N4g5 {[%cal Rd1d8] [#]} Rb8 38. Nc7 Rxa2 39. Nge6 $2 (39. Nd5 {was necessary.}) 39... a5 40. Na6 Rc8 41. Nac5 Rc2 42. Rd5 Kf7 43. Ng5+ Kg6 44. Nce4 $2 (44. Nd3 Rb8 45. Nf4+ Kf6 46. Nxh7+ Ke7 47. Rd1) 44... Rb8 {White got outplayed after the opening. Accuracy: White = 53%, Black = 76%.} 0-1

[Event "3. Open Bohumin 2020"]
[Site "Bohumin"]
[Date "2020.07.19"]
[Round "2.10"]
[White "Galuszka, Tomasz"]
[Black "Adamczyk, Zuzanna"]
[Result "1-0"]
[WhiteElo "2255"]
[BlackElo "1968"]
[Annotator "TA"]
[PlyCount "65"]
[EventDate "2020.07.18"]
[EventType "swiss"]
[EventCountry "CZE"]
[SourceTitle "playchess.com"]
[Source "ChessBase"]
[SourceQuality "1"]

{[%evp 19,65,3,25,0,16,6,19,4,0,0,7,0,30,0,0,2,151,141,218,194,595,587,757,788,1152,1131,29991,29992,29994,29994,29994,29994,29994,29983,29982,29983,29981,877,2264,2248,29988,29989,29979,29979,29979,6095,5281,5202]} 1. e4 g6 2. d4 Bg7 3. Nc3 d6 4. g3 Nf6 5. Bg2 O-O 6. Nge2 e5 7. O-O c6 8. a4 a5 9. h3 Na6 10. Be3 Nb4 11. Kh2 {B07: Pirc Defence: Miscellaneous Systems.} Be6 12. f4 Bc4 {[#]} 13. Rf2 $146 {The position is equal.} ({Predecessor:} 13. Qd2 Re8 14. Rad1 exd4 15. Bxd4 d5 16. e5 Nd7 17. b3 Ba6 18. Rfe1 b6 19. Ng1 {1-0 (34) Ristoja,T (2230)-Keskinen,S (2215) Finland 2005}) 13... Re8 14. Qd2 Qc7 15. b3 Ba6 16. Raf1 {White wants to play fxe5.} exd4 17. Bxd4 Rad8 {[#] White now steadily converts the win.} (17... d5 $11 {remains equal.}) 18. f5 $1 $36 {[%mdl 2048] And now Bxf6 would win. White is really pushing.} Bxe2 (18... g5 $16 {is a better defense.}) 19. Nxe2 $18 gxf5 $2 (19... Nxe4 {is more resistant.} 20. Bxe4 Rxe4) 20. Rxf5 Nxe4 21. Bxe4 Rxe4 22. Bxg7 Rxe2+ 23. Qxe2 Kxg7 24. Qg4+ Kf8 {[#]} 25. Qf4 $1 Rd7 26. Qh6+ Ke8 27. Qxh7 Re7 {[#]} 28. Qg8+ (28. Rxf7 $142 $1 {[%mdl 512]} Re2+ (28... Rxf7 29. Qg8+) 29. Kh1 Qe7 30. Rxe7+ Rxe7 31. Qf5 Kd8 32. Qxa5+ {[%mdl 64] Double Attack} Kd7 33. Qxb4) 28... Kd7 29. Rxf7 Nd5 30. Qg4+ Kd8 31. Rf8+ Re8 32. Qg6 (32. Rxe8+ $142 Kxe8 33. Qg6+ Kd7 34. Qg4+ Ke8 35. Qh5+ Kd7 36. Qf5+ Ke8 37. Qf8+ Kd7 38. Rf7+ {[%mdl 64] Skewer} Ke6 39. Rxc7 Nxc7 40. Qc8+ {[%mdl 64] Double Attack} Kf6 41. Qxc7) 32... Qe7 33. Rxe8+ {Accuracy: White = 66%, Black = 50%.} 1-0

[Event "3. Open Bohumin 2020"]
[Site "Bohumin"]
[Date "2020.07.19"]
[Round "2.11"]
[White "Panek, Bartosz"]
[Black "Kucza, Karol"]
[Result "0-1"]
[WhiteElo "1988"]
[BlackElo "2245"]
[Annotator "TA"]
[PlyCount "72"]
[EventDate "2020.07.18"]
[EventType "swiss"]
[EventCountry "CZE"]
[SourceTitle "playchess.com"]
[Source "ChessBase"]
[SourceQuality "1"]

{[%evp 20,72,17,25,30,0,14,-17,-22,-166,-177,-336,-345,-335,-334,-398,-387,-380,-373,-456,-380,-380,-371,-374,-365,-437,-445,-482,-488,-483,-472,-470,-472,-554,-554,-530,-509,-623,-623,-598,-570,-963,-963,-954,-946,-920,-920,-1128,-1122,-1266,-1215,-1357,-1293,-1052,-989]} 1. e4 e5 2. Nf3 Nc6 3. Bc4 Nf6 4. d4 exd4 5. e5 d5 6. Bb5 Ne4 7. Nxd4 Bc5 8. Be3 O-O 9. Nxc6 bxc6 10. Bxc5 Nxc5 11. Bxc6 {[%mdl 64] [#] Double Attack} Rb8 {C56: Two Knights: 4 d4 exd4 5 0-0 Nxe4.} 12. O-O Rxb2 13. Na3 {Strongly threatening Qd4.} d4 {[#] The position is equal.} 14. f4 $146 (14. Nc4 $11 {and White has nothing to worry.} Rb4 15. Na5) ({Predecessor:} 14. Qf3 Qe7 15. Rfd1 Rd8 16. Bd5 Ne6 17. c4 Qc5 18. h4 a6 19. Rd3 c6 20. Bxc6 Qxe5 21. Rdd1 d3 22. Be4 d2 23. Nc2 Nc5 {0-1 (23) Termeulen,A (2024)-Haver,B (2154) Delft 2018}) 14... d3 $19 15. cxd3 $2 (15. Qd2 Qd4+ 16. Kh1) 15... Qd4+ ({Inferior is} 15... Qxd3 16. Qxd3 Nxd3 17. Nb5 $11) ({Less strong is} 15... Nxd3 16. Nc2 $19) 16. Kh1 Nxd3 17. Nb5 Nf2+ {[%mdl 64] [#] Discovered Attack} 18. Rxf2 Qxf2 19. Qd3 Ba6 {...Bxb5 is the strong threat.} 20. a4 Bxb5 21. axb5 Qxf4 22. Rd1 Qxe5 {Black is clearly winning.} 23. Qf3 Re2 {Threatens to win with ...Re1+.} 24. Qf1 Qe7 25. h3 g6 26. Kh2 Qe5+ 27. Kh1 Kg7 28. Bf3 Re3 29. Bc6 Qg3 30. Qc4 Re1+ 31. Rxe1 Qxe1+ {KQR-KQB} 32. Kh2 Qe5+ 33. Kg1 Rd8 34. Qb3 Rd2 35. Bf3 Rb2 36. Qd3 Rxb5 {White got outplayed after the opening. Accuracy: White = 32%, Black = 96%.} 0-1

[Event "3. Open Bohumin 2020"]
[Site "Bohumin"]
[Date "2020.07.19"]
[Round "2.12"]
[White "Kroliczek, Gabriela"]
[Black "Poysti, Nathanael"]
[Result "0-1"]
[WhiteElo "1976"]
[BlackElo "2209"]
[Annotator "TA"]
[PlyCount "66"]
[EventDate "2020.07.18"]
[EventType "swiss"]
[EventCountry "CZE"]
[SourceTitle "playchess.com"]
[Source "ChessBase"]
[SourceQuality "1"]

{[%evp 9,66,8,13,0,3,16,8,5,18,16,27,18,17,5,10,6,3,1,10,0,10,-6,0,-26,-25,-132,-79,-105,-41,-476,-316,-324,-160,-164,-162,-166,-95,-97,-78,-118,-110,-527,-511,-504,-497,-928,-717,-800,-668,-12838,-12839,-12837,-12838,-12837,-12830,-29996,-29997,-29997,-29998]} 1. e4 c5 2. Nc3 Nc6 3. Bb5 Nd4 4. Nf3 a6 5. Bd3 g6 6. Nxd4 {B23: Closed Sicilian: Lines without g3.} (6. Rb1 {is interesting.} Nc6 7. a3 d6 8. b4 Nf6 9. Nd5) 6... cxd4 7. Ne2 Bg7 8. c3 {The position is equal.} dxc3 9. dxc3 d6 10. O-O Nf6 11. h3 O-O 12. Be3 b5 13. a4 bxa4 {[#]} 14. Rxa4 $146 ({Predecessor:} 14. Qxa4 Bb7 15. f3 Qc7 16. Qa5 Qb8 17. c4 Nd7 18. Ra2 Ne5 19. Rd1 Rc8 20. b3 {½-½ (37) Khachiyan,M (2500)-Casella,M (2287) Los Angeles 2008}) 14... Bb7 15. f3 Qc7 16. Qa1 d5 17. Bxa6 {[#]} (17. exd5 $11 {keeps the balance.} Nxd5 18. Bf2) 17... dxe4 (17... Bc6 $142 $1 {[%cal Rc6a4]} 18. Ra5 dxe4 19. fxe4 Nxe4) 18. fxe4 Nxe4 ({Black should try} 18... Bc6 $17 19. Ra5 Nxe4) 19. Qa3 $2 {[%mdl 8192]} ({White has to play} 19. Bxb7 $15 Qxb7 20. Rb4 Qxb4 21. cxb4 Rxa1 22. Rxa1) 19... Ng3 20. Nxg3 {Threatens to win with Bxb7.} Qxg3 (20... Rxa6 $19 {has better winning chances.} 21. Rff4 Rxa4 22. Qxa4 Bh6) 21. Bxb7 $17 Qxe3+ 22. Kh1 {[#]} Rxa4 (22... Qe2 $1 $19 {[%cal Re2f1]} 23. Rg1 Rxa4 24. Qxa4 Qxb2) 23. Qxa4 Be5 {Hoping for ...Qg3.} 24. Bf3 Rb8 $40 {[%mdl 128] Black wants a kill.} 25. Qa2 $2 {[%mdl 8192] [#]} (25. Qc2 $17) 25... Qf4 $1 $19 {[%csl Ge5][%cal Rf4h2][%mdl 512]} 26. Kg1 Rd8 27. Bd5 (27. Be2 $142 Qe3+ 28. Kh1 Qxe2 29. Qxf7+ Kh8 30. b3) 27... Qh2+ 28. Kf2 e6 29. Bxe6 Qg3+ 30. Kg1 {[#]} Rd2 $1 {[%csl Gd2][%cal Rg3g2][%mdl 512]} 31. Qa8+ Bb8 {[%csl Gb8][%cal Rg3h2]} 32. Bxf7+ Kg7 {[%csl Gb8][%cal Rg3h2]} 33. Rf4 Qxf4 {Accuracy: White = 42%, Black = 67%.} 0-1